000 00404cas a2200157 a 4500
020 _a0697412849
022 0 _a0731-1141
040 _cDLC
082 0 4 _a370 EDU 1998 C260 Or.
245 1 0 _aEducational psychology
246 1 4 _aAnnual editions, educational psychology
300 _avolumes :
_billustrations ;
_c28 cm
490 1 _aAnnual editions
650 0 _aEducational psychology
942 _cAEDBB
999 _c22307
_d22307